书目信息 |
| 题名: |
中国历史地图集
|
|
| 作者: | 谭其骧 主编 | |
| 分册: | 第五册 隋·唐·五代十国时期 | |
| 出版信息: | 北京 地图出版社 1982 |
|
| 页数: | 1册 | |
| 开本: | 26cm | |
| 丛书名: | ||
| 单 册: | ||
| 中图分类: | K992.6 | |
| 科图分类: | ||
| 主题词: | 历史地图-地图集--中国 , 地图集-历史地图--中国 | |
| 电子资源: | ||
| ISBN: | ||
| 000 | 00688nam0 2200229 45 | |
| 001 | 0182000590 | |
| 005 | 20061120092310.09 | |
| 010 | @dCNY6.00 | |
| 100 | @a19960320d1982 em y0chiy0121 ea | |
| 101 | 0 | @achi |
| 102 | @aCN@b110000 | |
| 105 | @ab z 000yy | |
| 200 | 10 | @a中国历史地图集@Azhong guo li shi di tu ji@h第五册@i隋·唐·五代十国时期@f谭其骧主编 |
| 210 | @a北京@c地图出版社@d1982 | |
| 215 | @a1册@d26cm | |
| 517 | 1 | @a隋·唐·五代十国时期@Asui·tang·wu dai shi guo shi qi |
| 606 | @a历史地图-地图集@y中国 | |
| 606 | @a地图集-历史地图@y中国 | |
| 690 | @aK992.6@v10:7 | |
| 701 | 0 | @a谭其骧@Atan qi xiang@4主编 |
| 801 | 0 | @aCN@bTSSF@c20061120 |
| 905 | @a10447@dK992.6@e10:5 | |
| 中国历史地图集.第五册.隋·唐·五代十国时期/谭其骧主编.-北京:地图出版社,1982 |
| 1册;26cm |
| ISBN :CNY6.00 |
| ● |
| 相关链接 |
|
|
|
|
正题名:中国历史地图集
索取号:K992.6/10:5
 
预约/预借
| 序号 | 登录号 | 条形码 | 馆藏地/架位号 | 状态 | 备注 |
| 1 | 0130626 | 000807292 | 第二样本阅览室/ [索取号:K992.6/10:5] | 在馆 |